Normale Ansicht
MARC-Ansicht
Eintrag Körperschaftsname
001 - Kontrollnummer
- Kontrollfeld: 36425
003 - Kontrollnummer Identifier
- Kontrollfeld: RU-10907106
005 - Datum und Zeit der letzten Transaktion
- Kontrollfeld: 20231010141055.0
008 - Datenelemente mit fester Länge
- Kontrollfeld mit fester Länge: 231010|| aca||aabn | a|a d
040 ## - Katalogisierungsquelle
- Original-Katalogisierungsstelle: RU-10907106
- Übertragungsstelle: RU-10907106
110 ## - Ansetzung - Körperschaftsname
- Körperschafts- oder Gebietskörperschaftsname als Eintragungselement: International African Institute
670 ## - Datenquelle
- Quellenangabe: Work cat.: (RU-10907106)65200: Barber, Karin. 36423, I could speak until tomorrow